000 00679nam a2200229Ii 4500
003 JO-AjNU
008 230605s9999||||xx |||||||||||||| ||und||
017 _a2006/343
020 _a99921-63-87-9
040 _aJO-AjNU
_bara
_erda
_cJO-AjNU
041 _aara
050 1 4 _aHG1211.Q27 2006
100 3 _aمصرف قطر المركزي,
_eauthor
_941040
245 0 0 _aتعليمات للبنوك حتى مارس 2006
250 _aط8
264 3 1 _aقطر: مصرف قطر المركزي، 2006
300 _a596ص
336 _atext
_btxt
_2rdacontent
337 _aunmediated
_bn
_2rdamedia
338 _avolume
_bnc
_2rdacarrier
650 4 _aالبنوك- قطر
_941041
999 _aA17465
_c21033
_d21033